Intelectuales, política y poder
Furkejuvvon:
| Váldodahkki: | |
|---|---|
| Materiálatiipa: | Girji |
| Giella: | espánnjágiella |
| Almmustuhtton: |
Buenos Aires, Argentina
Eudeba
1999
|
| Fáttát: | |
| Fáddágilkorat: |
Lasit fáddágilkoriid
Eai fáddágilkorat, Lasit vuosttaš fáddágilkora!
|
MARC
| LEADER | 00000nam a2200000 a 4500 | ||
|---|---|---|---|
| 001 | UCL0052 | ||
| 003 | CL-VaPUC | ||
| 005 | 20240124145842.0 | ||
| 008 | 030612e19990000AG |||||||||||||||||spa|d | ||
| 999 | |c 304085 |d 304083 | ||
| 020 | |a 9502310438 | ||
| 040 | |c Pontificia Universidad Católica de Valparaíso | ||
| 082 | 0 | 4 | |a 305 BOU 1999 |2 21 |
| 100 | 0 | |a Bourdieu, Pierre |9 308635 | |
| 245 | 1 | 0 | |a Intelectuales, política y poder |
| 260 | 0 | 3 | |a Buenos Aires, Argentina |b Eudeba |c 1999 |
| 300 | |a 270 páginas | ||
| 583 | |a last modification |c 20130306 11:29:08 |k Rodrigo Vera | ||
| 650 | 0 | |a Antropología social |9 306264 | |
| 650 | 0 | |a Investigación social |9 307814 | |
| 650 | 0 | |a Grupos sociales |9 268887 | |
| 650 | 7 | |a FILOSOFIA POLITICA |2 CL-VaPUC |9 476754 | |
| 650 | 0 | |a Imperialismo |9 258264 | |
| 942 | |c BK |2 ddc | ||
| 945 | |d 20030612 00:00:00 |a cmena | ||
| 952 | |0 0 |1 0 |2 ddc |4 0 |6 305_000000000000000_BOU_1999 |7 0 |8 A |9 365847 |a BIBEDU |b BIBEDU |d 2019-11-21 |i 3912019 |o 305 BOU 1999 |p 3912019 |r 2019-11-21 |t 3 |w 2019-11-21 |y BK |k EDU | ||
| 952 | |0 0 |1 0 |2 ddc |4 0 |6 305_000000000000000_BOU_1999 |7 0 |8 R |9 365848 |a BIBGIM |b BIBGIM |d 2019-11-21 |i 4173279 |o 305 BOU 1999 |p 4173279 |r 2025-01-15 |t 2 |w 2019-11-21 |y BK_R |k SSL | ||
| 952 | |0 0 |1 0 |2 ddc |4 0 |6 305_000000000000000_BOU_1999 |7 0 |8 A |9 365849 |a BIBCUR |b BIBCUR |d 2019-11-21 |i 4303202 |l 1 |o 305 BOU 1999 |p 4303202 |r 2025-04-22 |s 2022-05-30 |t 1 |w 2019-11-21 |y BK |k MGC | ||